000
00301nam a22001337a 4500
008
190206b xxu||||| |||| 00| 0 eng d
020
_a
9780895298676
041
_a
eng
080
_a
610
100
_a
4
101
_a
SHM
245
_a
Smart Medicine for Healthier living
_c
Zand,J
942
_2
udc
_c
BK
999
_c
54104
_d
54104